Elementary mechanics (Record no. 544254)
[ view plain ]
| 000 -LEADER | |
|---|---|
| fixed length control field | 00728cam a2200205K 4500 |
| 082 04 - DEWEY DECIMAL CLASSIFICATION NUMBER | |
| Classification number | 531.1 |
| Author Mark | JES |
| -- | L-5, P-18 |
| 100 1# - MAIN ENTRY--PERSONAL NAME | |
| Personal name | Reynolds, Joseph Benson, |
| 9 (RLIN) | 39829 |
| 245 10 - TITLE STATEMENT | |
| Title | Elementary mechanics |
| Statement of responsibility, etc. | by Joseph B. Reynolds. |
| 260 ## - PUBLICATION, DISTRIBUTION, ETC. | |
| Place of publication, distribution, etc. | New York, |
| Name of publisher, distributor, etc. | Prentice-Hall, |
| Date of publication, distribution, etc. | 1928. |
| 300 ## - PHYSICAL DESCRIPTION | |
| Extent | 1 online resource (viii, 250 p.) |
| Other physical details | diagrs. |
| 526 ## - STUDY PROGRAM INFORMATION NOTE | |
| Program name | 0 |
| Interest level | 0 |
| Reading level | 0 |
| Title point value | 531_100000000000000_JES |
| 526 ## - STUDY PROGRAM INFORMATION NOTE | |
| Program name | 0 |
| Interest level | 0 |
| Reading level | 0 |
| Title point value | 531_100000000000000_JES |
| 526 ## - STUDY PROGRAM INFORMATION NOTE | |
| Program name | 0 |
| Interest level | 0 |
| Reading level | 0 |
| Title point value | 531_100000000000000_JES |
| 526 ## - STUDY PROGRAM INFORMATION NOTE | |
| Program name | 0 |
| Interest level | 0 |
| Reading level | 0 |
| Title point value | 531_100000000000000_JES |
| 650 #0 - SUBJECT ADDED ENTRY--TOPICAL TERM | |
| Topical term or geographic name entry element | MCE |
| 9 (RLIN) | 379 |
| 650 #0 - SUBJECT ADDED ENTRY--TOPICAL TERM | |
| Topical term or geographic name entry element | Mechanics. |
| 9 (RLIN) | 10681 |
| 856 40 - ELECTRONIC LOCATION AND ACCESS | |
| Uniform Resource Identifier | <a href="http://books.google.com/books?id=J2w7AQAAIAAJ">http://books.google.com/books?id=J2w7AQAAIAAJ</a> |
| 856 40 - ELECTRONIC LOCATION AND ACCESS | |
| Uniform Resource Identifier | <a href="http://catalog.hathitrust.org/api/volumes/oclc/2499249.html">http://catalog.hathitrust.org/api/volumes/oclc/2499249.html</a> |
| 942 ## - ADDED ENTRY ELEMENTS (KOHA) | |
| Source of classification or shelving scheme | |
| Koha item type | Book |
| Withdrawn status | Lost status | Source of classification or shelving scheme | Damaged status | Not for loan | Permanent Location | Current Location | Date acquired | Total Checkouts | Full call number | Barcode | Date last seen | Price effective from | Koha item type | Date last checked out |
|---|---|---|---|---|---|---|---|---|---|---|---|---|---|---|
| Military College of Engineering (MCE) | Military College of Engineering (MCE) | 04/16/2014 | 531.1 JES | MCE-33182 | 04/16/2014 | 04/16/2014 | Book | |||||||
| Military College of Engineering (MCE) | Military College of Engineering (MCE) | 04/16/2014 | 1 | 531.1 JES | MCE-1857 | 03/06/2019 | 04/16/2014 | Book | 03/06/2019 | |||||
| Military College of Engineering (MCE) | Military College of Engineering (MCE) | 04/16/2014 | 531.1 JES | MCE-33180 | 04/16/2014 | 04/16/2014 | Book | |||||||
| Military College of Engineering (MCE) | Military College of Engineering (MCE) | 04/16/2014 | 531.1 JES | MCE-33181 | 04/16/2014 | 04/16/2014 | Book |
